| 000 | 00791cam a22002653a 4500 | ||
|---|---|---|---|
| 001 | 14400 | ||
| 003 | PGUSA | ||
| 005 | 20140828083316.0 | ||
| 008 | 041220s2004||||xxu|||||s|||||000 | eng d | ||
| 040 |
_aPGUSA _beng |
||
| 042 | _adc | ||
| 050 | 4 | _aDT | |
| 050 | 4 | _aN | |
| 100 | 1 |
_aMaspero, G. _q(Gaston), _d1846-1916 |
|
| 245 | 1 | 0 |
_aManual of Egyptian Archaeology and Guide to the Study of Antiquities in Egypt _h[electronic resource] / _cG. Maspero |
| 260 |
_bProject Gutenberg, _c2004 |
||
| 506 | _aPublic domain in the USA. | ||
| 516 | _aElectronic text | ||
| 653 | _aEgypt -- Antiquities | ||
| 653 | _aArt -- Egypt | ||
| 700 | 1 |
_aEdwards, Amelia Ann Blanford, _d1831-1892 |
|
| 830 | 0 |
_aProject Gutenberg _v14400 |
|
| 856 | 4 | 0 | _uhttp://www.gutenberg.org/ebooks/14400 |
| 942 | _cEB | ||
| 999 |
_c243655 _d243655 |
||